[Event "Elite Hotels Open 2019"]
[Site "Vaxjo"]
[Date "2019.02.08"]
[Round "1.11"]
[White "Lindgren, Philip"]
[Black "Radberg, John"]
[Result "1-0"]
[WhiteElo "2379"]
[BlackElo "1885"]
[Annotator "TA"]
[PlyCount "89"]
[EventDate "2019.02.08"]
[EventType "swiss"]
[EventCountry "SWE"]
[SourceTitle "playchess.com"]
[Source "ChessBase"]
[SourceQuality "1"]

{[%evp 11,89,0,2,0,0,-11,0,-92,-28,-55,-37,-62,-47,-45,-53,-37,-42,-43,-59,-42,-36,-60,56,57,157,172,163,157,509,467,442,265,262,269,247,264,247,260,328,320,370,366,369,337,343,304,356,348,347,333,652,0,342,336,376,379,541,373,568,556,29993,766,29973,29974,29972,29972,29990,29989,29991,29991,29991,0,29991,29992,29994,29995,29995,29996,29996,29996]} 1. d4 Nf6 2. c4 e6 3. Nf3 b6 4. g3 Ba6 5. Qc2 c5 6. Bg2 Nc6 7. O-O {E15: Queen's Indian: 4 g3 sidelines, 4 g3 Ba6 and 4 g3 Bb7 early deviations} (7. dxc5 bxc5 8. O-O Be7 9. e4 Rc8 10. e5 Ng4 11. Qe4 f5 12. exf6 Nxf6 13. Qe2 O-O 14. Nbd2 Bb7 15. b3 a5 {0-1 (48) Dubov,D (2654)-Jakovenko,D (2759) Chita 2015}) 7... cxd4 8. Rd1 $1 Rc8 9. a3 $146 (9. Nxd4 $11 Nxd4 10. Rxd4) ({Predecessor:} 9. Qa4 Na5 10. Na3 Bxc4 11. Nxd4 Bd5 12. Bxd5 Nxd5 13. e4 Nb4 14. Be3 Be7 {½-½ (37) Dzenis,J (2215)-Engel,P (2205) ICCF email 2010}) 9... Na5 ({Better is} 9... b5 $17 10. Nxd4 Nxd4 11. Rxd4 Bc5) 10. b3 {[%cal Bb2b3,Bb3b4][%mdl 32]} b5 $1 {[%cal Rb5c4]} 11. Nxd4 {With the idea Nc3.} bxc4 12. b4 $1 {[%cal Rb4a5]} Nb3 $1 {[%cal Rb3a1]} 13. Nxb3 cxb3 {[%mdl 64] [#] Discovered Attack} 14. Qxb3 Bxe2 15. Re1 Bc4 16. Qa4 Nd5 (16... a6 $15) 17. Nd2 $14 Qf6 {[#]} (17... Nc3 $14 18. Qxa7 Be7) 18. Nxc4 $1 $16 {[%mdl 512]} Qxa1 (18... Rxc4 19. Bxd5) 19. Bxd5 $1 Qd4 $2 (19... Be7 $16 {is tougher.}) 20. Qa6 $18 Rd8 21. Nd6+ (21. Bg2 $142) 21... Bxd6 22. Qxd6 {Black must now prevent Bg5.} Qb6 23. Qf4 O-O 24. Be4 $40 {[%mdl 128] White attacks with force.} d5 25. Bd3 a5 26. Be3 d4 27. Bd2 axb4 28. axb4 Rd5 29. Qe4 {[%csl Gd3][%cal Re4h7]} g6 30. Bc4 Rf5 $2 (30... Rh5 31. Bd3 Rc8) 31. Bd3 Rd5 $1 32. h4 Rfd8 33. Ra1 f5 (33... Rc8 $142 34. b5 Qc7) 34. Qf4 e5 (34... Rc8 {is a better defense.} 35. Ra6 Qc7 36. Qxc7 Rxc7 37. Rxe6 Kf7) 35. Qg5 {Strongly threatening Bc4.} Kg7 36. Bxf5 (36. Qe7+ $142 Kh8 37. Bg5 h5 38. Bf6+ Qxf6 39. Qxf6+ Kh7 40. Qe7+ Kh8 41. Ra7) 36... R5d7 37. Bxd7 {[%mdl 64] Discovered Attack} Rxd7 38. Qxe5+ Kf7 39. Re1 Qd8 40. Qe6+ Kg7 41. Qe5+ Kf7 $1 42. Bg5 {White mates.} Qf8 43. Qe6+ {[%mdl 64] Double Attack} Kg7 44. Qxd7+ {[%mdl 64] Double Attack} Kg8 45. Re8 {Accuracy: White = 61%, Black = 27%.} 1-0

[Event "Elite Hotels Open 2019"]
[Site "Vaxjo"]
[Date "2019.02.08"]
[Round "1.12"]
[White "Salholm, Soren"]
[Black "Lindberg, Bengt"]
[Result "1-0"]
[WhiteElo "1880"]
[BlackElo "2377"]
[Annotator "TA"]
[PlyCount "104"]
[EventDate "2019.02.08"]
[EventType "swiss"]
[EventCountry "SWE"]
[SourceTitle "playchess.com"]
[Source "ChessBase"]
[SourceQuality "1"]

{[%evp 10,104,-11,-41,-14,-35,-11,-60,-2,-40,-19,-18,-9,-27,-28,-26,-23,-24,-27,-19,-21,-52,-50,-53,-62,-106,-50,-143,-118,-190,-65,-44,-43,-63,-57,-69,-33,-89,-64,-87,-92,-97,-85,-73,-68,-118,-81,-107,-100,-183,-124,-124,-122,-130,-117,-172,-118,-157,-156,-178,-166,-178,-178,-185,-178,-185,-185,-185,-126,-110,-113,-275,-275,-349,-326,-319,-262,-341,-359,-1072,-377,-422,-422,-417,-408,-414,-348,-491,-300,-320,-307,-741,-728,-595,-578,-29985,-29986]} 1. e4 c5 2. Nf3 e6 3. c3 Nf6 4. d3 Nc6 5. Be2 d5 6. Qc2 Be7 {B40: Sicilian: 2...e6, Unusual lines} 7. O-O O-O (7... Qc7 8. Re1 O-O 9. Bg5 b6 10. Nbd2 Bb7 11. Bf1 Rfd8 12. e5 Nd7 13. d4 h6 14. Bxe7 Nxe7 {1-0 (44) Nguyen,T (2362)-Paragua,M (2487) Ho Chi Minh City 2009}) 8. h3 b6 (8... Qc7 $15) 9. Bg5 $146 ({Predecessor:} 9. Bf4 d4 {0-1 (44) Nguyen,H (2063)-Adda,O (2142) Besancon 2006}) 9... Bb7 10. Nbd2 h6 11. Bh4 Nh5 12. Bxe7 Qxe7 13. g3 Qc7 $36 {[%mdl 2048] Black is pushing.} 14. Nh4 Nf6 15. Ng2 Rad8 16. Rad1 e5 17. Bf3 Bc8 ({Better is} 17... d4 $17 18. Ne1 Bc8) 18. g4 (18. exd5 $15 Nxd5 19. h4) 18... Ne7 19. Nh4 {[#]} (19. exd5 $17 Nfxd5 20. Nc4) 19... Ng6 (19... h5 $1 $19 {[%cal Rh5g4][%mdl 512]} 20. exd5 (20. gxh5 Qd7) 20... Nexd5) 20. Nxg6 $15 fxg6 21. Bg2 Bb7 22. Rfe1 Kh8 23. Nf1 (23. exd5 $15 Nxd5 24. Bxd5 Bxd5 25. Re3) 23... Qf7 24. Ng3 d4 25. Rf1 Nh7 26. Ne2 g5 27. Ng3 g6 28. f3 Rd7 29. Rf2 (29. Qa4 $17) 29... Rfd8 (29... Qxa2 $19 30. cxd4 cxd4) 30. c4 $17 Nf8 31. Ne2 Ne6 32. a4 (32. a3 $17) 32... a6 ({Black should try} 32... Bc6 $19 33. b3 a5) 33. Ra1 Bc6 34. b3 Kg7 35. Ra2 Rb8 36. Rf1 Rdb7 37. Rfa1 Qd7 38. Qd2 b5 (38... a5 $19 39. Kf1 Rf8) 39. axb5 axb5 40. h4 $2 (40. Nc1 $17 {was worth a try.}) 40... gxh4 41. Kf2 bxc4 42. bxc4 g5 43. Rh1 Qf7 44. Ra6 $2 (44. Kg1) 44... Rb6 $2 (44... Rb2 45. Rd1 Rxd2 46. Rxd2 Be8) 45. Rxb6 Rxb6 46. Ra1 Qb7 47. Qa5 Rb2 {Hoping for ...Qb3.} 48. Qa7 (48. Ra2 $142) 48... Qxa7 49. Rxa7+ Kf6 {...Nf4 is the strong threat.} 50. Ra6 $2 (50. Ke1) 50... Bb7 $19 51. Ra1 Nf4 52. Re1 Nxd3+ {[%mdl 32832] Double Attack. Accuracy: White = 23%, Black = 39%. . Loss on time!?} 1-0

[Event "Elite Hotels Open 2019"]
[Site "Vaxjo"]
[Date "2019.02.08"]
[Round "1.13"]
[White "Seo, Jung Min"]
[Black "Eriksson, Per"]
[Result "1-0"]
[WhiteElo "2368"]
[BlackElo "1872"]
[Annotator "RC"]
[PlyCount "79"]
[EventDate "2019.02.08"]
[EventType "swiss"]
[EventCountry "SWE"]
[SourceTitle "playchess.com"]
[Source "ChessBase"]
[SourceQuality "1"]
[TimeControl "5400+30"]

1. d4 {[%emt 1:15:22]} Nf6 {[%emt 1:15:22]} 2. c4 {[%emt 0:00:26]} e6 {[%emt 0:00:27]} 3. Nf3 {[%emt 0:00:26]} d5 {[%emt 0:00:27]} 4. Nc3 {[%emt 0:00:27]} Be7 {[%emt 0:00:28]} 5. Bf4 {[%emt 0:00:27]} O-O {[%emt 0:00:32]} 6. e3 {[%emt 0:00:27]} b6 {[%emt 0:00:29]} 7. Rc1 {[%emt 0:00:35]} Bb7 {[%emt 0:00:35]} 8. Be2 {[%emt 0:01:06]} Nbd7 {[%emt 0:00:35]} 9. O-O {[%emt 0:00:30]} c5 {[%emt 0:00:30]} 10. cxd5 {[%emt 0:00:49]} Nxd5 {[%emt 0:00:33]} 11. Bg3 {[%emt 0:00:57]} Rc8 {[%emt 0:00:54]} 12. Nxd5 {[%emt 0:00:51]} Bxd5 {[%emt 0:00:37]} 13. Ba6 {[%emt 0:00:42]} Ra8 {[%emt 0:00:46]} 14. b3 {[%emt 0:00:38]} Nf6 {[%emt 0:00:36]} 15. Qe2 {[%emt 0:01:05]} Ne4 {[%emt 0:01:45]} 16. Rfd1 {[%emt 0:00:38]} Nxg3 {[%emt 0:00:31]} 17. hxg3 {[%emt 0:00:27]} cxd4 {[%emt 0:00:39]} 18. Nxd4 {[%emt 0:00:37]} Ba3 {[%emt 0:01:08]} 19. Rc2 {[%emt 0:01:11]} Be4 {[%emt 0:00:35]} 20. Nxe6 {[%emt 0:01:19]} Qe7 {[%emt 0:00:27]} 21. Nxf8 {[%emt 0:00:28]} Bxc2 {[%emt 0:00:28]} 22. Qxc2 {[%emt 0:00:26]} Rxf8 {[%emt 0:00:28]} 23. Qd3 {[%emt 0:00:39]} Bc5 {[%emt 0:00:36]} 24. Qd7 {[%emt 0:01:22]} Qe5 {[%emt 0:01:43]} 25. Qxa7 {[%emt 0:01:17]} Qb2 {[%emt 0:01:13]} 26. Bf1 {[%emt 0:01:01]} Re8 {[%emt 0:01:17]} 27. Qd7 {[%emt 0:00:43]} Qe5 {[%emt 0:00:29]} 28. Bc4 {[%emt 0:00:36]} Re7 {[%emt 0:01:05]} 29. Qc8+ {[%emt 0:00:37]} Re8 {[%emt 0:00:27]} 30. Qb7 {[%emt 0:00:52]} Rf8 {[%emt 0:00:33]} 31. a4 {[%emt 0:00:34]} Kh8 {[%emt 0:00:43]} 32. Qd5 {[%emt 0:00:40]} Qf6 {[%emt 0:00:45]} 33. Qf3 {[%emt 0:00:34]} Qe5 {[%emt 0:00:44]} 34. Rd7 {[%emt 0:00:37]} f6 {[%emt 0:01:36]} 35. Qd5 {[%emt 0:00:39]} Qe8 {[%emt 0:01:11]} 36. Bb5 {[%emt 0:00:53]} Qc8 {[%emt 0:01:07]} 37. Bd3 {[%emt 0:00:48]} Qe8 {[%emt 0:00:36]} 38. Qe4 {[%emt 0:01:13]} Qh5 {[%emt 0:00:41]} 39. Bf1 {[%emt 0:01:01]} Qg5 {[%emt 0:01:06]} 40. b4 {[%emt 0:00:38]} 1-0

[Event "Elite Hotels Open 2019"]
[Site "Vaxjo"]
[Date "2019.02.08"]
[Round "1.14"]
[White "Johansson, Eva"]
[Black "Dragicevic, Drazen"]
[Result "0-1"]
[WhiteElo "1868"]
[BlackElo "2339"]
[Annotator "TA"]
[PlyCount "34"]
[EventDate "2019.02.08"]
[EventType "swiss"]
[EventCountry "SWE"]
[SourceTitle "playchess.com"]
[Source "ChessBase"]
[SourceQuality "1"]

{[%evp 17,34,20,35,-21,-6,-25,-21,-47,-43,-102,-77,-171,-163,-147,-145,-225,-216,-214,-108]} 1. d4 Nf6 2. Nf3 g6 3. c4 Bg7 4. g3 O-O 5. Bg2 d5 6. O-O dxc4 7. Na3 c3 8. bxc3 c5 9. e3 Nc6 10. Nc2 $146 {D77: Fianchetto Grünfeld: 6 0-0: Replies other than 6...c6} (10. Bb2 $14) ({Predecessor:} 10. Bb2 Bf5 11. Nd2 Rc8 12. e4 Bg4 13. f3 Bd7 14. d5 Ne5 15. c4 Nd3 16. Bc3 Nb4 17. Nc2 Ba4 18. Nb3 b5 {½-½ (52) Hakobyan,A (2545)-Salem,A (2660) St Petersburg 2018}) 10... Qa5 11. Bb2 Rd8 12. Qe1 {The position is equal.} Bf5 13. Qc1 (13. Qe2 $15) 13... Rac8 $17 14. Nh4 (14. Nd2 $17 {keeps fighting.}) 14... Bxc2 {Black is clearly better.} 15. Qxc2 cxd4 16. exd4 {[#]} (16. Bxc6 $17 Rxc6 17. exd4) 16... Nxd4 $1 $19 {[%mdl 576] Pin} 17. Qd1 (17. cxd4 Rxc2) 17... Qb5 (17... Nf5 $19 18. Qb3 Nxh4 19. gxh4 Nd5) 0-1

[Event "Elite Hotels Open 2019"]
[Site "Vaxjo"]
[Date "2019.02.08"]
[Round "1.15"]
[White "Bellon Lopez, Juan Manuel"]
[Black "Nilsson, Mattias"]
[Result "1-0"]
[WhiteElo "2336"]
[BlackElo "2267"]
[Annotator "TA"]
[PlyCount "113"]
[EventDate "2019.02.08"]
[EventType "swiss"]
[EventCountry "SWE"]
[SourceTitle "playchess.com"]
[Source "ChessBase"]
[SourceQuality "1"]

{[%evp 9,113,20,36,22,54,0,14,13,33,20,33,41,37,33,30,37,41,33,29,22,22,22,22,20,30,31,39,34,47,45,108,98,129,120,125,141,196,204,208,208,216,200,233,235,251,247,301,299,297,297,297,262,297,264,303,297,294,295,347,323,362,331,539,506,491,491,555,502,548,531,597,591,651,421,616,566,563,546,902,454,658,600,620,900,847,820,29980,737,29976,29976,29974,29974,29976,29978,29979,29980,29983,29984,29987,29988,29989,29990,29991,29992,29992,29993]} 1. d4 Nf6 2. Bg5 d5 3. Bxf6 exf6 4. e3 Nc6 5. c4 Bb4+ 6. Nc3 {D00: 1 d4 d5: Unusual lines} Bf5 7. Qb3 ({Better is} 7. cxd5 $14 Bxc3+ 8. bxc3 Qxd5 9. Ne2) 7... dxc4 8. Bxc4 {The position is equal.} O-O 9. Nge2 $146 ({Predecessor:} 9. Nf3 Qe7 10. O-O Na5 11. Nd5 Nxb3 12. Nxe7+ Bxe7 13. Bxb3 {1-0 (60) Lasinskas,P (2269)-Costa Trave,J (2027) Barbera del Valles 2008}) 9... Bxc3+ 10. Qxc3 Ne7 11. O-O c6 12. Rac1 Nd5 13. Qb3 Nb6 $1 14. Ng3 Nxc4 15. Qxc4 Be6 16. Qa4 Qd5 17. a3 f5 18. Rc5 Qd7 19. Ne2 b5 (19... f6 $14) 20. Qc2 $16 Bc4 21. Rc1 Bxe2 22. Qxe2 Rfe8 {[#]} (22... f4 $16 {might work better.} 23. Qf3 (23. Rxc6 Rae8 $16) 23... fxe3) 23. Qf3 $1 $18 g6 24. g3 ({Don't play} 24. Qxc6 $6 Qxc6 25. Rxc6 f4 $16) 24... Rac8 25. Rxc6 Rxc6 26. Qxc6 ({Much less strong is} 26. Rxc6 $6 b4) 26... Qxc6 27. Rxc6 {[%mdl 4096] Endgame KR-KR} Rb8 28. b4 Kf8 29. Rc7 a5 30. Rc5 ({Not} 30. bxa5 Ra8 $16) 30... axb4 31. axb4 Ke7 32. Rc7+ Ke6 33. Kg2 h5 34. h4 Rb6 35. Kf3 Kf6 $2 {[#]} (35... Ra6 {is a better defense.} 36. Rb7 Ra2 37. Rxb5 Ke7 38. Rb7+ Kf6) 36. Kf4 Ke6 37. f3 Kd5 38. Rc5+ Ke6 39. e4 fxe4 40. fxe4 f6 41. Rc8 Rb7 (41... Ra6 $142 42. d5+ Kd7) 42. d5+ Kf7 43. Rc6 Ke7 44. Ke3 Kf7 (44... Ra7 $142 45. Re6+ Kf7) 45. Kd4 Ke7 46. e5 fxe5+ 47. Kxe5 Kf7 48. Rf6+ (48. d6 $142 Ke8 49. Ke6 Kd8 50. Ra6 Rb8 51. Ra7 Kc8 52. Ke7 Rb6 53. d7+ Kb8 54. Ra5) 48... Kg7 49. Rf4 {White mates.} Re7+ 50. Kd4 Re1 51. d6 Rd1+ 52. Kc5 Rd3 53. Rd4 Rxd4 54. Kxd4 Kf7 55. Ke5 Ke8 56. Ke6 Kd8 57. d7 {Accuracy: White = 78%, Black = 25%.} 1-0

[Event "Elite Hotels Open 2019"]
[Site "Vaxjo"]
[Date "2019.02.08"]
[Round "1.16"]
[White "Ufnarovski, Victor"]
[Black "Kucuksari, Kaan"]
[Result "0-1"]
[WhiteElo "1852"]
[BlackElo "2301"]
[Annotator "NA RC"]
[PlyCount "76"]
[EventDate "2019.02.08"]
[EventType "swiss"]
[EventCountry "SWE"]
[SourceTitle "playchess.com"]
[Source "ChessBase"]
[SourceQuality "1"]
[TimeControl "5400+30"]

1. d4 {[%emt 1:15:21]} d5 {[%emt 1:15:24]} 2. Nc3 {[%emt 0:00:27]} Nf6 {[%emt 0:00:27]} 3. Bg5 {[%emt 0:00:27]} e6 {[%emt 0:00:28]} 4. e4 {[%emt 0:00:29]} Be7 {[%emt 0:00:34]} 5. e5 {[%emt 0:00:28]} Nfd7 {[%emt 0:00:27]} 6. h4 {[%emt 0:00:43]} a6 {[%emt 0:00:30]} 7. Nh3 {[%emt 0:00:28]} c5 8. Qg4 {[%emt 0:01:05]} cxd4 {[%emt 0:01:22]} 9. Bxe7 Qxe7 {[%emt 0:00:35]} 10. Qxg7 {[%emt 0:00:57]} Qf8 {[%emt 0:00:33]} 11. Qxf8+ Rxf8 {[%emt 0:01:43]} 12. Ne2 {[%emt 0:00:57]} d3 {[%emt 0:00:40]} 13. cxd3 {[%emt 0:00:26]} Nxe5 {[%emt 0:00:26]} 14. d4 {[%emt 0:00:39]} Nd3+ {[%emt 0:00:29]} 15. Kd2 {[%emt 0:00:27]} Nxb2 {[%emt 0:00:27]} 16. Nc3 {[%emt 0:00:32]} Nc6 17. Kc2 {[%emt 0:01:05]} Nc4 {[%emt 0:00:58]} 18. Bxc4 {[%emt 0:00:28]} dxc4 {[%emt 0:00:27]} 19. d5 {[%emt 0:00:30]} Nb4+ 20. Kd2 Nxd5 {[%emt 0:01:00]} 21. Nxd5 {[%emt 0:01:00]} exd5 {[%emt 0:00:26]} 22. Ng5 {[%emt 0:00:26]} Bf5 {[%emt 0:00:44]} 23. Rhe1+ {[%emt 0:00:33]} Kd7 {[%emt 0:00:27]} 24. Re5 {[%emt 0:00:28]} Be6 {[%emt 0:00:27]} 25. Nxh7 {[%emt 0:00:30]} Rh8 {[%emt 0:00:26]} 26. Rh5 d4 27. Nf6+ {[%emt 0:02:41]} Ke7 {[%emt 0:01:20]} 28. Nd5+ {[%emt 0:00:26]} Kd6 29. Nf4 {[%emt 0:01:10]} Rxh5 {[%emt 0:01:10]} 30. Nxh5 Rh8 31. Nf4 {[%emt 0:01:21]} Rxh4 {[%emt 0:01:12]} 32. g3 {[%emt 0:00:28]} Rh2 {[%emt 0:00:27]} 33. Nxe6 {[%emt 0:01:22]} Rxf2+ 34. Ke1 {[%emt 0:00:30]} Rh2 {[%emt 0:01:02]} 35. Rd1 {[%emt 0:00:49]} Rh1+ {[%emt 0:00:27]} 36. Kd2 {[%emt 0:00:28]} c3+ {[%emt 0:00:28]} 37. Kc1 {[%emt 0:00:27]} Rxd1+ {[%emt 0:00:29]} 38. Kxd1 {[%emt 0:00:26]} Kxe6 {[%emt 0:00:28]} 0-1

[Event "Elite Hotels Open 2019"]
[Site "Vaxjo"]
[Date "2019.02.08"]
[Round "2.1"]
[White "Stahlberg, David"]
[Black "Hillarp Persson, Tiger"]
[Result "0-1"]
[WhiteElo "2079"]
[BlackElo "2558"]
[Annotator "TA"]
[PlyCount "90"]
[EventDate "2019.02.08"]
[EventType "swiss"]
[EventCountry "SWE"]
[SourceTitle "playchess.com"]
[Source "ChessBase"]
[SourceQuality "1"]

{[%evp 16,90,14,16,12,6,4,0,0,-2,0,-1,8,-9,30,-7,-4,-3,0,-18,0,-32,-29,-50,-62,-75,0,-23,-12,-18,10,0,0,0,0,0,0,0,26,-85,-100,-74,-74,-182,-185,-179,-179,-177,-181,-172,-158,-152,-18,-14,0,0,66,-39,-29,-56,-51,-55,0,-42,-45,-36,-38,-41,-45,-328,-309,-397,-372,-593,-34,-511,-511]} 1. Nf3 g6 2. d4 Bg7 3. e3 d6 4. Be2 Nd7 5. O-O e5 6. dxe5 dxe5 7. c4 Ngf6 8. Nc3 O-O 9. Qc2 c6 {E61: King's Indian: Early deviations for White, including Smyslov System} 10. Rd1 Qe7 11. b3 e4 {The position is equal.} 12. Nd2 Re8 13. Bb2 (13. a4 a5 14. Ba3 Nc5 15. b4 axb4 16. Bxb4 Qe5 {0-1 (40) Kolosowski,M (2421)-Piesik,P (2337) Poland 2017}) 13... h5 14. Rab1 $146 ({Predecessor:} 14. h3 Nf8 15. a3 N8h7 16. b4 Bf5 17. c5 Ng5 {1-0 (49) Kirk,E (1998)-Aurel,L (2185) Belfort 2010}) 14... Nf8 {[%cal Bd7f8,Bf8h7,Bh7g5][%mdl 32]} 15. Nf1 h4 16. h3 N8h7 17. Nh2 Ng5 18. Qd2 Nd7 19. Na4 Ne5 20. Qd6 Bf5 (20... Nxh3+ $17 21. gxh3 Qg5+ 22. Kh1 Bxh3) 21. Qxe7 Rxe7 22. Ng4 Bxg4 23. hxg4 h3 24. gxh3 Nxh3+ 25. Kg2 Ng5 26. Rd6 Ree8 27. Bxe5 (27. Nc5 $11) 27... Bxe5 $17 28. Rd7 b6 {[%cal Bb7b6,Bb6b5][%mdl 32]} 29. c5 (29. f4 $17 {is a better defense.} exf3+ 30. Bxf3) 29... b5 $19 {Hoping for ...Kg7.} 30. Nb2 {[#]} Kg7 $1 {...Rh8 is the strong threat.} 31. f4 exf3+ $1 32. Bxf3 Rh8 {Strongly threatening ...Rh2+.} 33. Bxc6 Rh2+ (33... Rac8 $17 34. Bb7 Rxc5) 34. Kf1 $11 Rah8 35. Nd3 Bb8 (35... Bf6 $11) 36. Rd1 (36. Rb2 $14) 36... Rxa2 $15 37. Nf4 Rc2 38. b4 a5 $40 {[%mdl 128] Black mounts an attack.} (38... Rhh2 $15 39. Nd3 a6) 39. Rd8 Rxd8 40. Rxd8 Bxf4 41. exf4 {KRB-KRN} Ne6 {[%mdl 64] [#] Double Attack} 42. Rb8 $2 {[%mdl 8192]} (42. Rd7 $15 Nxf4 43. bxa5 Rxc5 44. Bb7) 42... axb4 $19 43. Rxb5 Nd4 44. Rb6 (44. Rxb4 $142 Nxc6 45. Re4) 44... Rxc5 $2 (44... Nxc6 $19 45. Kg1 Rxc5) 45. Rxb4 $2 {[%mdl 8192]} ({White should try} 45. Be8 $1 $15) 45... Nxc6 {Accuracy: White = 17%, Black = 50%.} 0-1

[Event "Elite Hotels Open 2019"]
[Site "Vaxjo"]
[Date "2019.02.08"]
[Round "2.2"]
[White "Westerberg, Jonathan"]
[Black "Goransson, Martin"]
[Result "0-1"]
[WhiteElo "2544"]
[BlackElo "2074"]
[Annotator "RC"]
[PlyCount "90"]
[EventDate "2019.02.08"]
[EventType "swiss"]
[EventCountry "SWE"]
[SourceTitle "playchess.com"]
[Source "ChessBase"]
[SourceQuality "1"]
[TimeControl "900+5"]

1. Nf3 {[%emt 0:00:00]} c5 {[%emt 0:00:00]} 2. g3 {[%emt 0:00:09]} Nc6 {[%emt 0:00:03]} 3. Bg2 {[%emt 0:00:04]} e5 {[%emt 0:00:08]} 4. O-O {[%emt 0:00:18]} g6 {[%emt 0:00:04]} 5. d3 {[%emt 0:01:45]} Bg7 {[%emt 0:00:03]} 6. Bg5 {[%emt 0:01:32]} f6 {[%emt 0:00:02]} 7. Bd2 {[%emt 0:00:01]} Nge7 {[%emt 0:00:06]} 8. Nc3 {[%emt 0:00:08]} d5 {[%emt 0:00:44]} 9. a3 {[%emt 0:01:02]} O-O {[%emt 0:00:16]} 10. Rb1 {[%emt 0:00:17]} a5 {[%emt 0:00:07]} 11. e4 {[%emt 0:00:47]} d4 {[%emt 0:00:48]} 12. Na4 {[%emt 0:00:41]} b6 {[%emt 0:01:08]} 13. c4 {[%emt 0:01:38]} Bd7 {[%emt 0:02:25]} 14. b3 {[%emt 0:01:37]} Ra6 {[%emt 0:01:51]} 15. Qe2 {[%emt 0:00:57]} Qc8 {[%emt 0:00:25]} 16. Kh1 {[%emt 0:00:09]} h6 {[%emt 0:00:19]} 17. Ng1 {[%emt 0:00:16]} Kh7 {[%emt 0:01:19]} 18. f4 {[%emt 0:00:09]} f5 {[%emt 0:00:28]} 19. exf5 {[%emt 0:00:26]} Nxf5 {[%emt 0:00:13]} 20. Rbe1 {[%emt 0:01:50]} exf4 {[%emt 0:01:13]} 21. Bxf4 {[%emt 0:00:03]} Re8 {[%emt 0:00:08]} 22. Qf2 {[%emt 0:00:24]} Ne3 {[%emt 0:00:14]} 23. Bxe3 {[%emt 0:00:10]} dxe3 {[%emt 0:00:14]} 24. Rxe3 {[%emt 0:00:07]} Rf8 {[%emt 0:00:36]} 25. Rf3 {[%emt 0:00:12]} Rxf3 {[%emt 0:00:09]} 26. Nxf3 {[%emt 0:00:30]} Bg4 {[%emt 0:00:20]} 27. Nh4 {[%emt 0:00:19]} Ne5 {[%emt 0:00:28]} 28. Be4 {[%emt 0:00:30]} Bh3 {[%emt 0:00:40]} 29. Re1 {[%emt 0:00:35]} b5 {[%emt 0:00:01]} 30. Qxc5 {[%emt 0:00:20]} Qd8 {[%emt 0:01:20]} 31. cxb5 {[%emt 0:00:18]} Rd6 {[%emt 0:00:38]} 32. Nb2 {[%emt 0:00:05]} Ng4 {[%emt 0:00:28]} 33. Nc4 {[%emt 0:00:02]} Bd4 {[%emt 0:00:05]} 34. Bxg6+ {[%emt 0:00:12]} Kh8 {[%emt 0:00:13]} 35. Qxd4+ {[%emt 0:00:11]} Rxd4 {[%emt 0:00:18]} 36. b6 {[%emt 0:00:00]} Rxd3 {[%emt 0:00:15]} 37. Be4 {[%emt 0:00:14]} Nf2+ {[%emt 0:00:07]} 38. Kg1 {[%emt 0:00:01]} Nxe4 {[%emt 0:00:01]} 39. Ng6+ {[%emt 0:00:00]} Kg7 {[%emt 0:00:00]} 40. Nf4 {[%emt 0:00:00]} Qd4+ {[%emt 0:00:05]} 41. Kh1 {[%emt 0:00:00]} Nf2+ {[%emt 0:00:02]} 42. Kg1 {[%emt 0:00:00]} Ng4+ {[%emt 0:00:11]} 43. Kh1 {[%emt 0:00:00]} Rd1 {[%emt 0:00:10]} 44. Ne6+ {[%emt 0:00:00]} Kf6 {[%emt 0:00:09]} 45. Nxd4 {[%emt 0:00:00]} Rxe1# {[%emt 0:00:00]} 0-1

[Event "Elite Hotels Open 2019"]
[Site "Vaxjo"]
[Date "2019.02.08"]
[Round "2.3"]
[White "Bohman Karlholm, Adrian"]
[Black "Hector, Jonny"]
[Result "1/2-1/2"]
[WhiteElo "2075"]
[BlackElo "2488"]
[Annotator "TA"]
[PlyCount "117"]
[EventDate "2019.02.08"]
[EventType "swiss"]
[EventCountry "SWE"]
[SourceTitle "playchess.com"]
[Source "ChessBase"]
[SourceQuality "1"]

{[%evp 21,117,0,2,0,0,8,35,-17,0,0,0,0,-1,-2,0,0,0,0,0,0,0,-13,-6,-11,7,6,0,0,0,-31,0,0,13,14,14,9,8,8,12,39,24,8,8,8,8,22,100,125,99,109,125,8,41,8,8,8,59,54,326,48,107,94,350,335,493,514,872,833,974,867,1506,1284,2383,2214,4149,4414,2517,2397,2299,1902,1437,1389,29978,29978,29973,8,8,8,8,8,8,8,8,8,8,8,8,8]} 1. d4 d5 2. c4 c6 3. cxd5 cxd5 4. Nf3 Nf6 5. Nc3 Nc6 6. Bf4 Bf5 7. e3 e6 8. Qb3 Bb4 9. Bb5 Bxc3+ 10. Qxc3 O-O 11. O-O Ne4 12. Qa3 {D14: Slav Defence: Exchange variation with ...Bf5} g5 13. Bg3 h5 {[#] Strongly threatening ...h4.} (13... f6 14. Rac1 Rc8 15. Bxc6 bxc6 16. Rfd1 h5 17. Nd2 Nxd2 18. Rxd2 c5 19. h4 gxh4 20. Bxh4 {½-½ (44) Shengelia,D (2579)-Duda,J (2658) Reykjavik 2015}) 14. h3 $146 (14. Bxc6 $14 bxc6 15. h4) ({Predecessor:} 14. Bxc6 bxc6 15. h4 g4 16. Ne5 c5 17. Bf4 Qxh4 18. dxc5 Nd2 19. Bg3 Qe7 {½-½ (52) Lalith,B (2495)-Lahiri,A (2361) Aurangabad 2011}) 14... Nxg3 15. fxg3 f6 16. Rac1 Qc7 17. Kf2 Rf7 18. Rc3 Rg7 {Black wants to play ...g4.} 19. Nd2 Bg6 20. Rfc1 {[%cal Rb5c6]} Be8 21. e4 Qb6 22. Qc5 Nxd4 23. Qxb6 axb6 24. Bxe8 Rxe8 25. Rd3 e5 26. exd5 Rd7 27. Ne4 Kf7 28. g4 $36 {[%mdl 2048] Black is under pressure.} hxg4 29. hxg4 Rh8 $1 30. d6 Ke6 31. Rc7 Rxc7 32. dxc7 $11 {[%mdl 4096] Endgame KRN-KRN} Rc8 $1 33. Rc3 Nc6 (33... b5 $11) 34. Rb3 Rxc7 35. Rxb6 Ke7 36. Nc5 ({White should play} 36. a3 $16) 36... Nd8 37. b4 (37. Rb5 {keeps more tension.} Kf7 38. b4 Ke7 39. a4 Nc6 40. Ne4) 37... Rc6 38. Rxc6 bxc6 {KN-KN} (38... Nxc6 $11 39. b5 b6) 39. Ke3 Nf7 $2 {[%mdl 8192]} (39... Ne6 $14) 40. Ne4 $2 (40. a4 $18) 40... Nh6 (40... Nd6 $14) 41. Kf3 $16 f5 $2 {[%mdl 8192]} (41... Nf7 $16 {was called for.}) 42. gxf5 $18 ({Not} 42. Nxg5 Nxg4 43. a4 Kd8 $16) 42... Nxf5 (42... g4+ {is a better defense.} 43. Kf2 Nxf5) 43. Nxg5 Nd4+ (43... Kf6 $142 44. Nh7+ Ke6) 44. Ke4 Nc2 45. Kxe5 Nxb4 46. a4 Nd3+ 47. Kd4 Nf4 48. g4 Kd6 49. Ne4+ Kc7 50. g5 Kb6 51. Ke5 Nh5 52. g6 c5 {[#]} 53. Kd5 $2 (53. Ng3 $1 {[%mdl 512] mates} Ng7 (53... Nxg3 54. g7) 54. Kf6 Ne8+ 55. Kf7 Nc7 56. g7 Nd5 57. g8=Q Nc7 58. Qd8) 53... Nf4+ $11 {The position is equal.} 54. Kc4 {g7 would kill now.} Nxg6 55. Nxc5 Ka5 56. Kb3 Ne5 57. Nb7+ Kb6 58. Nd6 Nc6 59. Nc4+ {Accuracy: White = 54%, Black = 42%.} 1/2-1/2